RLCS Host Cities - Statistics

General Stats
  • This quiz has been taken 29 times
    19 since last reset
  • The average score is 12 of 17
Answer Stats
Season/Event City % Correct
2024 Major 1 Copenhagen
94%
Season 5 Worlds, 21/22 Spring, 2024 Major 2 London
94%
2025 Worlds Lyon
94%
2025 Major 1 Birmingham
89%
22/23 Spring Boston
83%
Season 8 Worlds Madrid
83%
2025 Major 2 Raleigh
83%
22/23 Worlds Düsseldorf
78%
Season 1 Worlds, Season 3 Worlds, 21/22 Winter Los Angeles
78%
22/23 Winter San Diego
72%
21/22 Worlds, 2024 Worlds Fort Worth
67%
22/23 Fall Rotterdam
67%
21/22 Fall Stockholm
61%
Season 4 Worlds Washington D.C.
50%
Season 2 Worlds Amsterdam
44%
Season 6 Worlds Las Vegas
39%
Season 7 Worlds Newark
17%
No matching quizzes found
Score Distribution
Percent of People with Each Score
Percentile by Number Answered
Your Score History
You have not taken this quiz since the last reset